<?xml version="1.0" encoding="UTF-8"?>
<record
    xmlns:xsi="http://www.w3.org/2001/XMLSchema-instance"
    xsi:schemaLocation="http://www.loc.gov/MARC21/slim http://www.loc.gov/standards/marcxml/schema/MARC21slim.xsd"
    xmlns="http://www.loc.gov/MARC21/slim">

  <leader>02515nam a22002537a 4500</leader>
  <controlfield tag="003">NALT</controlfield>
  <controlfield tag="005">20240404110811.0</controlfield>
  <controlfield tag="008">240305b        th ||||| |||| 00| 0 tha d</controlfield>
  <datafield tag="040" ind1=" " ind2=" ">
    <subfield code="a">NALT</subfield>
  </datafield>
  <datafield tag="041" ind1="0" ind2=" ">
    <subfield code="a">thaeng</subfield>
  </datafield>
  <datafield tag="050" ind1=" " ind2=" ">
    <subfield code="a">DS 578.32</subfield>
    <subfield code="b">&#xE17;622&#xE08; 2561</subfield>
  </datafield>
  <datafield tag="245" ind1="1" ind2="0">
    <subfield code="a">&#xE40;&#xE08;&#xE49;&#xE32;&#xE1F;&#xE49;&#xE32;&#xE21;&#xE2B;&#xE32;&#xE08;&#xE31;&#xE01;&#xE23;&#xE35;&#xE2A;&#xE34;&#xE23;&#xE34;&#xE19;&#xE18;&#xE23; /</subfield>
    <subfield code="c">&#xE1A;&#xE23;&#xE34;&#xE29;&#xE31;&#xE17; &#xE44;&#xE1B;&#xE23;&#xE29;&#xE13;&#xE35;&#xE22;&#xE4C;&#xE44;&#xE17;&#xE22; &#xE08;&#xE33;&#xE01;&#xE31;&#xE14;.</subfield>
  </datafield>
  <datafield tag="250" ind1=" " ind2=" ">
    <subfield code="a">&#xE1E;&#xE34;&#xE21;&#xE1E;&#xE4C;&#xE04;&#xE23;&#xE31;&#xE49;&#xE07;&#xE41;&#xE23;&#xE01;.</subfield>
  </datafield>
  <datafield tag="260" ind1=" " ind2=" ">
    <subfield code="a">&#xE01;&#xE23;&#xE38;&#xE07;&#xE40;&#xE17;&#xE1E;&#xE2F; :</subfield>
    <subfield code="b">&#xE1E;&#xE34;&#xE21;&#xE1E;&#xE4C;&#xE14;&#xE35;,</subfield>
    <subfield code="c">2561.</subfield>
  </datafield>
  <datafield tag="300" ind1=" " ind2=" ">
    <subfield code="a">72 &#xE2B;&#xE19;&#xE49;&#xE32; :</subfield>
    <subfield code="b">&#xE20;&#xE32;&#xE1E;&#xE1B;&#xE23;&#xE30;&#xE01;&#xE2D;&#xE1A; ;</subfield>
    <subfield code="c">29 &#xE0B;&#xE21;.</subfield>
  </datafield>
  <datafield tag="505" ind1="0" ind2=" ">
    <subfield code="a">&#xE40;&#xE08;&#xE49;&#xE32;&#xE1F;&#xE49;&#xE32;&#xE21;&#xE2B;&#xE32;&#xE08;&#xE31;&#xE01;&#xE23;&#xE35;&#xE2A;&#xE34;&#xE23;&#xE34;&#xE19;&#xE18;&#xE23; -- &#xE1E;&#xE23;&#xE30;&#xE2D;&#xE31;&#xE08;&#xE09;&#xE23;&#xE34;&#xE22;&#xE20;&#xE32;&#xE1E;&#xE41;&#xE25;&#xE30;&#xE1E;&#xE23;&#xE30;&#xE23;&#xE32;&#xE0A;&#xE01;&#xE23;&#xE13;&#xE35;&#xE22;&#xE01;&#xE34;&#xE08; -- &#xE1E;&#xE23;&#xE30;&#xE2D;&#xE31;&#xE08;&#xE09;&#xE23;&#xE34;&#xE22;&#xE20;&#xE32;&#xE1E; &#xE14;&#xE49;&#xE32;&#xE19;&#xE14;&#xE19;&#xE15;&#xE23;&#xE35; -- &#xE1E;&#xE23;&#xE30;&#xE2D;&#xE31;&#xE08;&#xE09;&#xE23;&#xE34;&#xE22;&#xE20;&#xE32;&#xE1E; &#xE14;&#xE49;&#xE32;&#xE19;&#xE20;&#xE32;&#xE29;&#xE32; &#xE41;&#xE25;&#xE30;&#xE27;&#xE23;&#xE23;&#xE13;&#xE01;&#xE23;&#xE23;&#xE21; -- &#xE1E;&#xE23;&#xE30;&#xE2D;&#xE31;&#xE08;&#xE09;&#xE23;&#xE34;&#xE22;&#xE20;&#xE32;&#xE1E; &#xE17;&#xE32;&#xE07;&#xE28;&#xE34;&#xE25;&#xE1B;&#xE30; -- &#xE42;&#xE04;&#xE23;&#xE07;&#xE01;&#xE32;&#xE23;&#xE1E;&#xE31;&#xE12;&#xE19;&#xE32;&#xE40;&#xE14;&#xE47;&#xE01;&#xE43;&#xE19;&#xE16;&#xE34;&#xE48;&#xE19;&#xE17;&#xE38;&#xE23;&#xE01;&#xE31;&#xE19;&#xE14;&#xE32;&#xE23; -- &#xE42;&#xE04;&#xE23;&#xE07;&#xE01;&#xE32;&#xE23;&#xE40;&#xE1E;&#xE37;&#xE48;&#xE2D;&#xE21;&#xE19;&#xE38;&#xE29;&#xE22;&#xE18;&#xE23;&#xE23;&#xE21; -- &#xE42;&#xE04;&#xE23;&#xE07;&#xE01;&#xE32;&#xE23;&#xE40;&#xE17;&#xE04;&#xE42;&#xE19;&#xE42;&#xE25;&#xE22;&#xE35;&#xE2A;&#xE32;&#xE23;&#xE2A;&#xE19;&#xE40;&#xE17;&#xE28;&#xE15;&#xE32;&#xE21;&#xE1E;&#xE23;&#xE30;&#xE23;&#xE32;&#xE0A;&#xE14;&#xE33;&#xE23;&#xE34; -- &#xE1E;&#xE23;&#xE30;&#xE40;&#xE01;&#xE35;&#xE22;&#xE23;&#xE15;&#xE34;&#xE22;&#xE28; -- &#xE23;&#xE32;&#xE07;&#xE27;&#xE31;&#xE25; "&#xE04;&#xE27;&#xE32;&#xE21;&#xE40;&#xE1B;&#xE47;&#xE19;&#xE40;&#xE25;&#xE34;&#xE28;&#xE14;&#xE49;&#xE32;&#xE19;&#xE01;&#xE32;&#xE23;&#xE2A;&#xE23;&#xE49;&#xE32;&#xE07;&#xE2A;&#xE23;&#xE23;&#xE04;&#xE4C;" -- &#xE01;&#xE32;&#xE23;&#xE02;&#xE2D;&#xE1E;&#xE23;&#xE30;&#xE23;&#xE32;&#xE0A;&#xE17;&#xE32;&#xE19;&#xE1E;&#xE23;&#xE30;&#xE19;&#xE32;&#xE21; -- &#xE40;&#xE08;&#xE49;&#xE32;&#xE1F;&#xE49;&#xE32;&#xE01;&#xE31;&#xE1A;&#xE01;&#xE32;&#xE23;&#xE44;&#xE1B;&#xE23;&#xE29;&#xE13;&#xE35;&#xE22;&#xE4C;&#xE44;&#xE17;&#xE22; -- &#xE15;&#xE23;&#xE32;&#xE44;&#xE1B;&#xE23;&#xE29;&#xE13;&#xE35;&#xE22;&#xE32;&#xE01;&#xE23;&#xE17;&#xE35;&#xE48;&#xE23;&#xE30;&#xE25;&#xE36;&#xE01;&#xE43;&#xE19;&#xE2A;&#xE21;&#xE40;&#xE14;&#xE47;&#xE08;&#xE1E;&#xE23;&#xE30;&#xE40;&#xE17;&#xE1E;&#xE23;&#xE31;&#xE15;&#xE19;&#xE23;&#xE32;&#xE0A;&#xE2A;&#xE38;&#xE14;&#xE32; &#xE2F; -- &#xE2A;&#xE22;&#xE32;&#xE21;&#xE1A;&#xE23;&#xE21;&#xE23;&#xE32;&#xE0A;&#xE01;&#xE38;&#xE21;&#xE32;&#xE23;&#xE35;.</subfield>
  </datafield>
  <datafield tag="600" ind1="0" ind2="4">
    <subfield code="a">&#xE40;&#xE17;&#xE1E;&#xE23;&#xE31;&#xE15;&#xE19;&#xE23;&#xE32;&#xE0A;&#xE2A;&#xE38;&#xE14;&#xE32;&#xE2F; &#xE2A;&#xE22;&#xE32;&#xE21;&#xE1A;&#xE23;&#xE21;&#xE23;&#xE32;&#xE0A;&#xE01;&#xE38;&#xE21;&#xE32;&#xE23;&#xE35;,</subfield>
    <subfield code="c">&#xE2A;&#xE21;&#xE40;&#xE14;&#xE47;&#xE08;&#xE1E;&#xE23;&#xE30;&#xE01;&#xE19;&#xE34;&#xE29;&#xE10;&#xE32;&#xE18;&#xE34;&#xE23;&#xE32;&#xE0A;&#xE40;&#xE08;&#xE49;&#xE32; &#xE01;&#xE23;&#xE21;&#xE2A;&#xE21;&#xE40;&#xE14;&#xE47;&#xE08;&#xE1E;&#xE23;&#xE30;,</subfield>
    <subfield code="d">2498-</subfield>
    <subfield code="x">&#xE1E;&#xE23;&#xE30;&#xE23;&#xE32;&#xE0A;&#xE01;&#xE23;&#xE13;&#xE35;&#xE22;&#xE01;&#xE34;&#xE08; </subfield>
    <subfield code="9">63317</subfield>
  </datafield>
  <datafield tag="600" ind1="0" ind2="4">
    <subfield code="a">&#xE40;&#xE17;&#xE1E;&#xE23;&#xE31;&#xE15;&#xE19;&#xE23;&#xE32;&#xE0A;&#xE2A;&#xE38;&#xE14;&#xE32;&#xE40;&#xE08;&#xE49;&#xE32;&#xE1F;&#xE49;&#xE32;&#xE21;&#xE2B;&#xE32;&#xE08;&#xE31;&#xE01;&#xE23;&#xE35;&#xE2A;&#xE34;&#xE23;&#xE34;&#xE19;&#xE18;&#xE23;, </subfield>
    <subfield code="c">&#xE01;&#xE23;&#xE21;&#xE2A;&#xE21;&#xE40;&#xE14;&#xE47;&#xE08;&#xE1E;&#xE23;&#xE30;, </subfield>
    <subfield code="d">2498- </subfield>
    <subfield code="9">50986</subfield>
  </datafield>
  <datafield tag="710" ind1="2" ind2=" ">
    <subfield code="a">&#xE44;&#xE1B;&#xE23;&#xE29;&#xE13;&#xE35;&#xE22;&#xE4C;&#xE44;&#xE17;&#xE22;</subfield>
    <subfield code="9">2015</subfield>
  </datafield>
  <datafield tag="942" ind1=" " ind2=" ">
    <subfield code="c">GB</subfield>
    <subfield code="2">lcc</subfield>
  </datafield>
  <datafield tag="996" ind1=" " ind2=" ">
    <subfield code="a">chunbijaya.r</subfield>
    <subfield code="b">CATSTF	</subfield>
    <subfield code="c">2024-03-05</subfield>
  </datafield>
  <datafield tag="996" ind1=" " ind2=" ">
    <subfield code="a">saiphon.d</subfield>
    <subfield code="b">CATSTF	</subfield>
    <subfield code="c">2024-03-14</subfield>
  </datafield>
  <datafield tag="999" ind1=" " ind2=" ">
    <subfield code="c">104843</subfield>
    <subfield code="d">104843</subfield>
  </datafield>
  <datafield tag="998" ind1=" " ind2=" ">
    <subfield code="j">1524</subfield>
    <subfield code="k"> &#xE19;&#xE32;&#xE07;&#xE2A;&#xE32;&#xE27;&#xE28;&#xE23;&#xE31;&#xE13;&#xE22;&#xE4C;&#xE20;&#xE23;  &#xE0A;&#xE33;&#xE19;&#xE32;&#xE0D;&#xE1B;&#xE48;&#xE32;</subfield>
  </datafield>
  <datafield tag="952" ind1=" " ind2=" ">
    <subfield code="0">0</subfield>
    <subfield code="1">0</subfield>
    <subfield code="2">lcc</subfield>
    <subfield code="4">0</subfield>
    <subfield code="7">0</subfield>
    <subfield code="8">CGBL</subfield>
    <subfield code="a">NALT</subfield>
    <subfield code="b">NALT</subfield>
    <subfield code="c">GEN</subfield>
    <subfield code="d">2024-03-05</subfield>
    <subfield code="l">0</subfield>
    <subfield code="o">DS 578.32 &#xE17;622&#xE08; 2561</subfield>
    <subfield code="p">3961222735</subfield>
    <subfield code="r">2024-04-22 00:00:00</subfield>
    <subfield code="w">2024-03-05</subfield>
    <subfield code="y">GB</subfield>
  </datafield>
</record>
